Statystyki dla Angielski zawodowy - na dzisiaj

Kliknij tutaj aby rozwiązać quiz!

Ogólne statystyki

  • Ten quiz został rozwiązany 51 razy
    (14 od ostatniego zresetowania)
  • Średni wynik to 45 z 143

Statystyki odpowiedzi

POLSKIANGIELSKI% Poprawnych
dostępaccess
50%
małe literylowercase
50%
zapobiegaćprevent
50%
konfigurowaćconfigure
40%
przekształcaćconvert
40%
narzędzia deweloperskiedev tools
40%
rozszerzenieextension
40%
GenerowaćGenerate
40%
przytrzymaćhold down
40%
sugerowanieimplying
40%
parametryparameters
40%
przedefiniowaćredefine
40%
oddawałoresonated
40%
strukturastructure
40%
otaczaćsurround
40%
wyzwalacztrigger
40%
PrzeciętnyVanilla
40%
Akronimacronym
30%
EstetykaAesthetic
30%
Wszystkie się pokrywałyAll overlapped
30%
PrzystępnyApproachable
30%
Instrukcje asembleraAssembly instructions
30%
twierdzićassert
30%
Finalnie/OstatecznieAt the end of the day
30%
aplikacje części funkcjonalnejback-end apps
30%
wracać się/cofać siębacktrack
30%
PodstawaBasis
30%
Maskowanie binarneBit masking
30%
punkt przerwaniabreakpoint
30%
ZwięzłyBrief
30%
środowisko budowaniaBuild environment
30%
wbudowanebuilt in
30%
wiele różnych opcjibunch of different options
30%
Biznesowy odpowiednikbusiness equivalent
30%
anulowaniecancellation
30%
KawałkiChunks
30%
operatory porównaniacomparison operators
30%
KompilującyCompiling
30%
łączyćconcatenate
30%
rozważyćconsider
30%
konsumpcyjnyConsumable
30%
Oddawać/PrzekazywaćConvey
30%
zawiłyconvoluted
30%
mieć się do czegoścorrespond
30%
zagęszczeniedensity
30%
wdrożyćdeploy
30%
ZejśćDescend
30%
ustalićdetermine
30%
pojąćdigest
30%
katalogdirectory
30%
OdrzucamyDiscarding
30%
DziedzinaDomain
30%
skomentowaćDrop a comment
30%
E-biznesE-commerce
30%
osadzonyembedded
30%
OsadzonyEmbedded
30%
kodowanieencoding/coding
30%
Przykuwający uwagęEngaging
30%
przedsięwzięcie, projektEnterprise
30%
EpidemiologicznyEpidemiological
30%
równyequal
30%
odpowiednikequivalent
30%
PodstawowyEssential
30%
wykonywaćexecute
30%
Wyraźne typyExplicit types
30%
wykładnik potęgiexponent
30%
Rozległa wiedzaExtensive knowledge
30%
wyjście awaryjnefallback
30%
ZnajomyFamiliar
30%
deskryptory plikówFile descriptors
30%
NapływaFlows
30%
od podstawfrom scratch
30%
Pełne strony internetoweFull stack websites
30%
Programowanie funkcyjneFunctional programming
30%
Graficzny język programowaniaGraphical programming language
30%
Karta graficznaGraphics card
30%
SiatkaGrid
30%
ObsługiwanieHandling
30%
szesnastkowyHexadecimal
30%
Język wysokiego poziomuHigh-level languages
30%
Ogromne polecenieHuge command
30%
zaimplementowaneimplemented
30%
ZawrzećIncorporate
30%
właściwieinherently
30%
NowatorskiInnovative
30%
InstancjowanieInstancing
30%
włączać(w coś)integrate
30%
Weźmy się do pracyLet's dive into it
30%
OświetlenieLightning
30%
załadować rejestrload register
30%
Ręczne zarządzanie pamięciąManual memory management
30%
znaczącymeaningful
30%
wygłupiać sięmess around
30%
Współczesna wersjamodern version
30%
niszoweniche
30%
występowaćoccur
30%
otwarty grafopen graph
30%
wynik pracyoutput
30%
Poza naszym polem widzeniaOutside our field of view
30%
konkretnyparticular
30%
ZapoczątkowałPioneered
30%
Typ polimorficznypolymorphic type
30%
rozprzestrzeniać się na zewnątrzpropagate outwards
30%
Próżnia kwantowaquantum vacuum
30%
kwerendaquery
30%
odpuścić dotykrelease the touch
30%
przemieszczalny obiektRelocatable object
30%
polegać na czymśrely upon sth
30%
Odrzucaćrepel
30%
Plan działaniaroadmap
30%
uruchamialnyrunnable
30%
czytniki ekranowescreen readers
30%
przejść gładkosegue
30%
Oddzielna siatkaSeparate mesh
30%
WstrząsnąćShake it up
30%
Wystawia na pokazShowcase
30%
BokamiSideways
30%
ułatwiaćsimplify
30%
Siostrzany języksister language
30%
Sekcja zaufania społecznegoSocial proof section
30%
przerwanie programoweSoftware interrupt
30%
wyrafinowanysophisticated
30%
krok za pośrednictwemstep through
30%
uczepiając się czegośsticking with (sth)
30%
Zapisywanie jak długieStoring how long
30%
Jasne/proste do zrozumieniastraightforward
30%
zgasićstub out
30%
podzbiórsubset
30%
przesuwanieswiping
30%
zsynchronizowanysynced up
30%
wywołanie systemoweSystem call
30%
etykietatag
30%
podstawa/źródłothe root
30%
miniaturathumbnail
30%
Poziom/SzczebelTier
30%
uprościćto simplify
30%
zmiennevariables
30%
Wielosłownośćverbosity
30%
Okno poglądoweViewport
30%
przećwiczyć cośwalk through
30%
Wygląd strony internetowejWeb design
30%
SzkieletWireframe
30%

Rozkład punktacji

Percentyl według liczby udzielonych odpowiedzi

Procent ludzi z każdym wynikiem

Twoja historia wyników

Nie rozwiązałeś tego quizu od ostatniego zresetowania